[Event "GER KF-34 Class1 B2 email"]
[Site "GER email"]
[Date "2007.??.??"]
[Round "?"]
[White "Wyrwala, Manfred"]
[Black "Von Steuber, Otmar"]
[Result "1-0"]
[WhiteElo "1991"]
[BlackElo "2000"]
[PlyCount "25"]
[EventDate "2007.??.??"]
[EventType "tourn (corr)"]
[EventRounds "6"]
[EventCountry "GER"]
[SourceTitle "Corr 2008"]
[Source "ChessBase"]
[SourceDate "2008.06.24"]
[SourceVersion "1"]
[SourceVersionDate "2008.06.24"]
[SourceQuality "1"]

1. e4 c5 2. Nf3 Nc6 3. d4 cxd4 4. Nxd4 Nf6 5. Nc3 d6 6. Bg5 e6 7. Qd2 Be7 8. 0-0-0 0-0 9. f4 h6 10. Bxf6 Bxf6 11. Ndb5 Qb6 12. g4 a5 13. Na4 1-0